| 000 | 01238nam a22003857a 4500 | ||
|---|---|---|---|
| 003 | OSt | ||
| 005 | 20230816144851.0 | ||
| 008 | 221006b |||||||| |||| 00| 0 eng d | ||
| 040 | _cBiblioteca Lado V | ||
| 082 |
_a700 _bP419a |
||
| 100 |
_9270 _aPeña, Alfonso _eeditor |
||
| 245 | _aAndrómeda/ | ||
| 260 |
_bMedia and Editorial Projects Ltd. _c1986 _aCosta Rica |
||
| 300 |
_c21.5x28cm _a32p. |
||
| 490 |
_a18 _vVI |
||
| 505 | _tARTE NAIVE DE CENTROAMERICA | ||
| 505 | _tCASA AL VIENTO | ||
| 505 | _tSE ABRE LA SESION | ||
| 505 | _tAGNES DE DIOS | ||
| 505 | _tEL MONSTRUO APARECE | ||
| 505 | _tDOS POETAS COSTARRICENSES | ||
| 505 | _tARTE VISUAL: UNA LECTURA DEL OBJETO | ||
| 505 | _tRELECTURA | ||
| 505 | _tEL UNICORNIO DEL JARDIN | ||
| 505 | _tEL CARABELERO | ||
| 505 | _tVARGAS VILA | ||
| 505 | _tPUBLICACIONES RECIBIDAS | ||
| 650 |
_2Tesauro de Arte & Arquitectura _aARTE _9703 |
||
| 650 |
_2Tesauro de Arte & Arquitectura _aLITERATURA |
||
| 650 |
_2Tesauro de Arte & Arquitectura _aCULTURA |
||
| 650 |
_2Tesauro de Arte & Arquitectura _aCOLECCION |
||
| 651 |
_2Tesauro de Arte & Arquitectura _aCOSTA RICA |
||
| 700 |
_aCerdaño, Rodolfo _eeditor |
||
| 942 |
_2ddc _c1 _h700 _iP419a _n0 |
||
| 999 |
_c4141 _d4141 |
||